|
|
|
|
| LEADER |
00000nam a2200000 a 4500 |
| 001 |
UCW5231 |
| 003 |
CL-VaPUC |
| 008 |
910123e19790000CL |||||||||||||||||spa|d |
| 082 |
0 |
4 |
|a 616.861
|b DOB
|2 21
|
| 100 |
0 |
|
|a Dobert Versin, María Teresa
|e author
|9 310125
|
| 700 |
0 |
|
|a Gómez Maldonado, Betty
|e author
|9 310126
|
| 700 |
0 |
|
|a Medina Cardenas, Eduardo
|e author
|9 310127
|
| 245 |
1 |
0 |
|a Alcohol y alcoholismo
|
| 300 |
|
|
|a 98 p
|
| 942 |
|
|
|c BK
|
| 945 |
|
|
|d 19910123 00:00:00
|
| 260 |
|
|
|a Santiago
|b Caldoc
|c 1979
|
| 650 |
|
0 |
|a Alcoholismo
|9 259651
|
| 650 |
|
7 |
|a PREVENCION Y CONTROL
|2 CL-VaPUC
|9 259652
|
| 650 |
|
0 |
|a Educación básica
|9 224933
|
| 583 |
|
|
|a last modification
|c 20141230 02:03:39
|k Rodrigo Vera
|
| 999 |
|
|
|c 218714
|d 218712
|
| 952 |
|
|
|0 0
|1 0
|4 0
|6 616_861000000000000_DOB_1979
|7 0
|8 P
|9 208706
|a BIBEDU
|b BIBEDU
|c BIBEDU_PB
|d 2019-11-15
|i 2765608
|o 616.861 DOB 1979
|p 2765608
|r 2019-11-15
|w 2019-11-15
|y BK
|k EDU
|
| 952 |
|
|
|0 0
|1 0
|4 0
|6 616_861000000000000_DOB_1979
|7 0
|8 P
|9 208707
|a BIBEDU
|b BIBEDU
|d 2019-11-15
|i 2765616
|o 616.861 DOB 1979
|p 2765616
|r 2019-11-15
|w 2019-11-15
|y BK
|k EDU
|